[Event "Znojmo Rotunda op"]
[Site "Znojmo"]
[Date "2002.??.??"]
[Round "8"]
[White "Svoboda, Antonin"]
[Black "Talpa, Pavel"]
[Result "1/2-1/2"]
[WhiteElo "1861"]
[BlackElo "1853"]
[PlyCount "26"]
[EventDate "2002.??.??"]
[EventType "swiss"]
[EventRounds "9"]
[EventCountry "CZE"]
[SourceTitle "EXT 2003"]
[Source "ChessBase"]
[SourceDate "2002.11.25"]
[SourceVersion "1"]
[SourceVersionDate "2002.11.25"]
[SourceQuality "1"]

1. Nf3 d5 2. d4 e6 3. c4 c6 4. Nc3 f5 5. g3 Nf6 6. Bg2 Bd6 7. Bf4 0-0 8. Bxd6 Qxd6 9. Qd3 Ne4 10. c5 Qe7 11. Ne5 Qf6 12. 0-0 Nxc5 13. Qd2 Ncd7 1/2-1/2